Efekty migrácie vysoko kvalifikovaných pracovných síl
Krajiny Európskej únie a Európskeho združenia voľného obchodu očakávajú v najbližších rokoch prudký rast dopytu po vysokokvalifikovaných pracovníkoch. Z tohto dôvodu silnie ich záujem o využitie migračných politík na prilákanie mozgov z tretích krajín. V súperení o talenty budú totiž úspešné len tie...
Na minha lista:
| Autor principal: | |
|---|---|
| Formato: | Capítulo de Livro |
| Idioma: | eslovaco |
| Assuntos: | |
| Tags: |
Sem tags, seja o primeiro a adicionar uma tag!
|
MARC
| LEADER | 00000nla a2200000 4500 | ||
|---|---|---|---|
| 001 | 0171963 | ||
| 005 | 20240502072940.2 | ||
| 041 | 0 | |a slo | |
| 044 | |a SK | ||
| 245 | 1 | 0 | |a Efekty migrácie vysoko kvalifikovaných pracovných síl |c Magdaléna Přívarová |
| 520 | |a Krajiny Európskej únie a Európskeho združenia voľného obchodu očakávajú v najbližších rokoch prudký rast dopytu po vysokokvalifikovaných pracovníkoch. Z tohto dôvodu silnie ich záujem o využitie migračných politík na prilákanie mozgov z tretích krajín. V súperení o talenty budú totiž úspešné len tie krajiny, ktoré budú mať účinnú migračnú politiku. V blízkej budúcnosti sa konkurencia medzi krajinami, usilujúcimi sa o prilákanie vysokokvalifikovaných pracovníkov zvýši. Selektívna migračná politika môže uľahčiť vstup vysokokvalifikovaných migrantov do krajiny. | ||
| 610 | 2 | 0 | |a migrácia |
| 610 | 2 | 0 | |a príležitosť pracovná |
| 610 | 2 | 0 | |a pracovníci kvalifikovaní |
| 610 | 2 | 0 | |a študenti zahraniční |
| 100 | 1 | |a Přívarová, Magdaléna, 1955- | |